载入...

Recruitment and selection/

书目详细资料
格式: Printed Book
出版: Oxford : Pergamon Flexible Learning , 2005.
主题:
LEADER 00439cam a2200133ua 4500
020 |a 9788131209332 
082 1 4 |a 658.311  |b REC 
245 0 0 |a Recruitment and selection/ 
260 |a Oxford :   |b Pergamon Flexible Learning ,   |c 2005. 
300 |a 116p. ;  
650 0 |a Recruitment and selection 
942 |c BK 
999 |c 40999  |d 40999 
952 |0 0  |1 0  |4 0  |6 658_311000000000000_REC  |7 0  |9 52643  |a KU  |b KU  |d 2015-07-05  |l 0  |o 658.311 REC  |p MB04200  |r 2015-07-05  |w 2015-07-05  |y BK